A-Z Famous People - France - Statistics

General Stats
  • This quiz has been taken 136 times
  • The average score is 12 of 26
Answer Stats
Picture Hint Answer % Correct
B - Emperor & Military Commander Napoleon Bonaparte
96%
M - Politician Emmanuel Macron
88%
J - Patron Saint Joan of Arc
88%
G - Army Officer & Statesman Charles de Gaulle
82%
Z - Footballer Zinedine Zidane
78%
A - Wrestler & Actor André the Giant
71%
X - Monarch King Louis XIV
70%
S - Politician Nicolas Sarkozy
66%
P - Chemist & Microbiologist Louis Pasteur
63%
C - Oceanographer & Filmmaker Jacques Cousteau
61%
H - Writer & Politician Victor Hugo
59%
L - Footballer Hugo Lloris
48%
R - Actor Jean Reno
48%
D - Novelist & Playwright Alexandre Dumas
46%
N - Tennis Player & Singer Yannick Noah
43%
E - Civil Engineer Gustave Eiffel
42%
V - Novelist & Poet Jules Verne
34%
T - Actress Audrey Tautou
28%
F - Footballer Just Fontaine
24%
U - Actor Gaspard Ulliel
12%
K - Politician & Doctor Bernard Kouchner
7%
Q - Economist & Physician François Quesnay
6%
Y - Actress Élodie Yung
4%
W - Mathematical Economist Léon Walras
3%
O - Athlete & Concert Pianist Micheline Ostermeyer
2%
I - Singer & Composer Sébastien Izambard
1%
No matching quizzes found
Score Distribution
Percent of People with Each Score
Percentile by Number Answered
Your Score History
You have not taken this quiz